000 00366nam a2200157Ia 4500
008 210210b1947 xxu||||| |||| 00| 0 eng d
041 _aeng
082 _a829/4
100 _aALINGTON (C A)
245 _aMidnight wireless
260 _aLondon
_bMacdonald & Co
_c1947
650 _awireless
650 _aMidnight
690 _aEnglish Fiction
906 _a016615
999 _c136228
_d136228